Mô hình hóa văn bản phục vụ cho bài toán phát hiện sao chép tài liệu bằng phương pháp chỉ mục ngữ nghĩa tiềm ẩn : Luận văn thạc sĩ Công nghệ thông tin. Chuyên ngành: Hệ thống thông tin

Mục đích của nghiên cứu này là ứng dụng mô hình không gian vector để mô hình hoá văn bản phục vụ cho bài toán phát hiện sao chép bằng kỹ thuật LSI nhằm để xây dựng hệ thống sao chép tiếng Việt.

Đã lưu trong:
Sonraí Bibleagrafaíochta
Príomhúdar: Nguyễn, Minh Đợi
Formáid: Leabhar
Teanga:Undetermined
Foilsithe: Cần Thơ Đại học Cần Thơ 2013
Ábhair:
Clibeanna: Cuir Clib Leis
Gan Chlibeanna, Bí ar an gcéad duine leis an taifead seo a chlibeáil!
Thư viện lưu trữ: Trung tâm Học liệu Trường Đại học Cần Thơ
LEADER 01218nam a2200217Ia 4500
001 CTU_181938
008 210402s9999 xx 000 0 und d
082 |a 006.4 
082 |b Đ462 
088 |a 60480104 
100 |a Nguyễn, Minh Đợi 
245 0 |a Mô hình hóa văn bản phục vụ cho bài toán phát hiện sao chép tài liệu bằng phương pháp chỉ mục ngữ nghĩa tiềm ẩn : 
245 0 |b Luận văn thạc sĩ Công nghệ thông tin. Chuyên ngành: Hệ thống thông tin 
245 0 |c Nguyễn Minh Đợi ; Trần Cao Đệ (Người hướng dẫn khoa học) 
260 |a Cần Thơ 
260 |b Đại học Cần Thơ 
260 |c 2013 
520 |a Mục đích của nghiên cứu này là ứng dụng mô hình không gian vector để mô hình hoá văn bản phục vụ cho bài toán phát hiện sao chép bằng kỹ thuật LSI nhằm để xây dựng hệ thống sao chép tiếng Việt. 
650 |a Bản quyền,Đạo văn,Copyright,Plagiarism 
904 |i Thanh Khuyên 
980 |a Trung tâm Học liệu Trường Đại học Cần Thơ